Experience and Education / (Record no. 5037)
[ view plain ]
| 000 -LEADER | |
|---|---|
| fixed length control field | 00555nam a2200229 a 4500 |
| 001 - CONTROL NUMBER | |
| JCCL Control Number | 5037 |
| 003 - CONTROL NUMBER IDENTIFIER | |
| JCCL marc code | BD-JhCC |
| 005 - DATE AND TIME OF LATEST TRANSACTION | |
| control field | 20171207121646.0 |
| 008 - FIXED-LENGTH DATA ELEMENTS--GENERAL INFORMATION | |
| fixed length control field | 171207s1938 e |||| || | 000 0 eng d |
| 035 ## - SYSTEM CONTROL NUMBER | |
| system control number | (BD-JhCC)5037 |
| 040 ## - CATALOGING SOURCE | |
| Original cataloging agency | BD-JhCC |
| Modifying agency | BD-JhCC |
| 041 ## - LANGUAGE CODE | |
| Language code of Book | eng |
| 082 ## - DEWEY DECIMAL CLASSIFICATION NUMBER | |
| Classification number | 370.1 |
| Author mark and Year | DEW 1938 |
| 100 ## - MAIN ENTRY--PERSONAL NAME | |
| Personal name | Dewent, Johnh |
| 245 ## - TITLE STATEMENT | |
| Title | Experience and Education / |
| Statement of responsibility, etc | Johnh Dewent, |
| 260 ## - PUBLICATION, DISTRIBUTION, ETC. (IMPRINT) | |
| Place of publication, distribution, etc | London : |
| Name of publisher, distributor, etc | Collier Books, |
| Date of publication, distribution, etc | 1938. |
| 300 ## - PHYSICAL DESCRIPTION | |
| Pagination | 91 p. : |
| Dimensions | 18 cm |
| 650 ## - SUBJECT ADDED ENTRY--TOPICAL TERM | |
| Topical term or geographic name as entry element | Experience |
| 650 ## - SUBJECT ADDED ENTRY--TOPICAL TERM | |
| Topical term or geographic name as entry element | Education |
| 942 ## - ADDED ENTRY ELEMENTS (KOHA) | |
| Source of classification or shelving scheme | Dewey Decimal Classification |
| Koha item type | Books |
| Source of classification or shelving scheme | Damaged status | Not for loan | Home library | Current library | Shelving location | Date of accession | Total Checkouts | Full call number | Barcode | Date last seen | Copy number | Koha item type |
|---|---|---|---|---|---|---|---|---|---|---|---|---|
| Dewey Decimal Classification | JCC Rouf Library | JCC Rouf Library | General Stacks | 12/07/2017 | 370.1 DEW 1938 | 6966 | 12/07/2017 | C- 1 | Books |